000 00398nam a2200169Ia 4500
003 0STCL
008 150530s9999 xx 000 0 und d
040 _aSTCL
_cSTCL
100 _aEdamarath Sebastain,V.
245 _aPathrosum Vedhavyasanum
260 _bBharatha Vilasam; Trichur
_c1929
300 _a0
546 _aMalayalam
942 _2ddc
_cBK
999 _c80157
_d80157
005 20220125171734.0